header

Digital signal processing and applications with the C6713 and C6416 DSK (Record no. 209791)

MARC details
000 -LEADER
fixed length control field 01326nam a22003254a 4500
082 04 - DEWEY DECIMAL CLASSIFICATION NUMBER
Classification number 621.382/2
100 1# - MAIN ENTRY--AUTHOR NAME
Personal name Chassaing, Rulph.
245 10 - TITLE STATEMENT
Title Digital signal processing and applications with the C6713 and C6416 DSK
260 ## - PUBLICATION, DISTRIBUTION, ETC. (IMPRINT)
Place of publication Hoboken, N.J. :
Name of publisher Wiley-Interscience,
Year of publication c2005.
300 ## - PHYSICAL DESCRIPTION
Number of Pages xxi, 518 p. :
Other physical details ill.
490 1# - SERIES STATEMENT
Series statement Topics in digital signal processing
650 #0 - SUBJECT ADDED ENTRY--TOPICAL TERM
Topical Term Signal processing
Topical Term Texas Instruments TMS320 series microprocessors.
856 40 - ELECTRONIC LOCATION AND ACCESS
Uniform Resource Identifier http://site.ebrary.com/lib/rucke/Doc?id=10114089

No items available.

© 2026 Rongo University
Contact us: librarian | system librarian | Rongo university